| 000 | 01137nam a2200349 i 4500 | ||
|---|---|---|---|
| 001 | 23083 | ||
| 003 | KOSZ 005 | ||
| 005 | 20210517113447.0 | ||
| 008 | 981103s1986 pl a e |000 0 pol | ||
| 015 | _aPB 1986/6071 | ||
| 020 | _a8321603394 | ||
| 035 | _a(OCoLC)69586443 | ||
| 040 |
_aWA N _cWA N _dKOSZ 005/HR |
||
| 041 | 0 | _apol | |
| 046 | _k1986 | ||
| 080 | _a62(438) | ||
| 080 | _a929-052 | ||
| 080 | _a(03) | ||
| 245 | 0 | 0 |
_aSłownik polskich pionierów techniki / _cpod red. Bolesława Orłowskiego ; [aut. haseł Julian Bartyś et al.]. |
| 260 |
_aKatowice : _b"Śląsk", _c[1986]. |
||
| 300 |
_a239, [1] s., [16] s. portr. : _berr. ; _c25 cm. |
||
| 380 | _aKsiążki | ||
| 650 | 4 | _aTechnika | |
| 651 | 4 | _aPolska | |
| 655 | 4 | _aSłownik biograficzny | |
| 658 | _aInżynieria i technika | ||
| 700 | 1 |
_aBartyś, Julian _d(1923-1982) _eAutor |
|
| 700 | 1 |
_aOrłowski, Bolesław _d(1934- ) _eRedakcja |
|
| 710 | 2 |
_aWydawnictwo "Śląsk" _4pbl. |
|
| 856 |
_uhttp://koha.tu.koszalin.pl/cgi-bin/koha/opac-detail.pl?biblionumber=23083 _zKatalog online BPK |
||
| 942 |
_2UKD _cKS |
||
| 999 |
_c23083 _d23083 |
||